000
00295nam a22001337a 4500
008
170808b xxu||||| |||| 00| 0 eng d
020
_a
9781890774127
041
_a
eng
080
_a
004
100
_a
34
101
_a
SHK
245
_a
MURACH'S BEGINNING JAVA 2
_c
STEELMAN,A
942
_2
udc
_c
BK
999
_c
22877
_d
22877